000 00769nam a22002297a 4500
005 20220505152006.0
008 220505b ||||| |||| 00| 0 eng d
020 _a0297840754
040 _cAL
041 _aEnglish
082 _223
_a909.82
_bWATT
100 _aPeter Watson
_934176
245 _aTerrible Beauty: A History of the People and Ideas That Shaped the Modern Mind
260 _aLondon
_bWeidenfeld and Nicolson
_c2000
300 _axiv,847 p.
_bHB
_c25x17.5 cm.
650 _aIntellectual life -- History -- 20th century
_934171
650 _aCivilization, Modern -- 20th century
_934172
650 _a Philosophy, Modern -- 20th century
_934173
650 _aBiography -- 20th century
_934174
700 _aWATSON (Peter)
_934175
942 _2ddc
_cGF
999 _c222796
_d222796